LEADER 00932nam a2200205 i 4500 001 000000253791 003 CaOOAMICUS 005 20170413000000.0 008 170413s1820 it u000 u ita u 013 $a232696 026 $a3.di cot- ine- leme (3) 1820 (A) 040 $aSeMil$bita 245 10$aVol. 14. 300 $a275, [1] p., [1] c. di tav. :$bantip. calcogr. 773 0 $aRollin, Charles <1661-1741>$tStoria antica e romana di Carlo Rollin versione ridotta a lezione migliore arricchita di annotazioni di un pił copioso indice delle materie e di incisioni in rame ... Vol. 1. [-48].$dVenezia : Dalla Tipografia di Alvisopoli, 1819-1822 (Venezia : Stampato a cura di Giuseppe Battaggia)$g14$w()4468 850 $aSeMil 852 $aSeMil$W1$xVenegono$y1$m3V VII 14 FA$j204137$B204137$CSeMilBibl$Z2$F217563 $8I 941 1 $a10 961 $aRecupero: Mantegazza 996 $6245$aVol. 14$9(OLS)http://semarc/title/296867 LEADER 00966nam a2200241 i 4500 001 000000056387 003 CaOOAMICUS 005 20100818000000.0 008 100818s1979 it u000 u ita u 013 $a27559 040 $aSeMil$bita 100 1 $aCasera, Domenico <1920-2007>.$0(OLS)http://semarc/name/21192 240 14$aLes psychotiques.$0(OLS)http://semarc/title/87650 245 10$aQuesti psicotici miei fratelli /$cDomenico Casera. 260 $aBari :$bEcumenica Editrice,$c1979. 300 $a157 p. ;$c21 cm. 650 4$aPsichiatria pastorale.$0(OLS)http://semarc/subject/10567 650 4$aPsicoterapia e morale.$0(OLS)http://semarc/subject/10192 850 $aSeMil 852 $aSeMil$W1$xVenegono$y1$m2O IV 366$j22541$B22541$CSeMilBibl$Z2$F22543 $81 961 $aOmaggio: Donazione 996 $6245$aQuesti psicotici miei fratelli$9(OLS)http://semarc/title/87649 996 $6260$aBari :$bEcumenica Editrice$9(OLS)http://semarc/publisher/32358